| 000 | 00502 a2200193 4500 | ||
|---|---|---|---|
| 003 | Nust | ||
| 005 | 20170207153148.0 | ||
| 010 | _a 2001046844 | ||
| 020 | _a1556228562 (pbk.) | ||
| 040 | _cNust | ||
| 082 | 0 | 0 | _a005.2762 |
| 100 | 1 | _aEasttom, Chuck. | |
| 245 | 1 | 0 |
_aLearn JavaScript / _cChuck Easttom. |
| 246 | 3 | 0 | _aJavaScript |
| 260 |
_aPlano, Tex. : _bWordware Pub., _cc2002. |
||
| 300 |
_axv, 255 p. : _bill. ; _c24 cm. |
||
| 500 | _aIncludes index. | ||
| 650 | 0 | _aJavaScript (Computer program language) | |
| 942 |
_2ddc _cBK |
||
| 999 |
_c180430 _d180430 |
||